Statistics for Mean Girls Cast

Click here to take the quiz!

General Stats

  • This quiz has been taken 110 times
  • The average score is 6 of 16

Answer Stats

CharacterActor/Actress% Correct
Cady HeronLindsay Lohan
94%
Regina GeorgeRachel McAdams
82%
Ms. Norbury (Math Teacher)Tina Fey
75%
Karen SmithAmanda Seyfried
72%
Mrs. George (Cool Mom)Amy Poehler
45%
Gretchen WienersLacey Chabert
43%
Mr Duvall (Principal)Tim Meadows
39%
Aaron SamuelsJonathan Bennett
33%
Janis IanLizzy Caplan
32%
Cady's MomAna Gasteyer
24%
DamianDaniel Franzese
23%
Cady's DadNeil Flynn
17%
Kevin GnapoorRajiv Surendra
17%
Shane OmanDiego Klattenhoff
15%
Coach CarrDwayne Hill
14%
JasonDaniel DeSanto
13%

Score Distribution

Percentile by Number Answered

Percent of People with Each Score

Your Score History

You have not taken this quiz